01046nam a2200241Ia 4500001000600000003000900006008004100015040001300056040001300069041001300082100002100095100002900116245003200145245003200177250001100209260001100220260001600231260004900247300004300296500041800339650001600757650003100773 9121IT-RoPAU130308s9999 xx 000 0 und d aIT-RoPAU cIT-RoPAU aITALIANO aDurante Marcello gCodice Aut. SPICS: 7050 aLinguistica sincronica (La) bLinguistica Sincronica (La) a1a ed. aTORINO bBoringhieri c1975 [1° Ed.:1975 - Ed.Ling.Originale:1975] a"164 p. (prefazione: no ; testo: 164)" aProfilo Storico della Linguistica Analisi Sincronica e indirizzi complementari Linguistica Funzionale e Semiotica Impostazione saussuriana Scuola di Praga Andre' Martinet Louis Hjelmslev Linguistica e Semiotica Linguistica Empirica Linguistica Americana Leonard Bloomfield Linguistiche Formali Teoria e Modello di Noam Chomsky Sviluppi della Grammatica Generativa e Semantica Generativa Linguistica Computazionale aLINGUISTICA eCodice materia Spics: 3201